The Peter Principle (Record no. 334982)

MARC details
000 -LEADER
fixed length control field 00476nam a2200169Ia 4500
008 - FIXED-LENGTH DATA ELEMENTS--GENERAL INFORMATION
fixed length control field 230718s9999 xx 000 0 und d
020 ## - INTERNATIONAL STANDARD BOOK NUMBER
International Standard Book Number 9780062312914
041 ## - LANGUAGE CODE
Language code of text/sound track or separate title eng
082 ## - DEWEY DECIMAL CLASSIFICATION NUMBER
Classification number 658.002
Item number PET
100 ## - MAIN ENTRY--PERSONAL NAME
Personal name Peter L.J.
9 (RLIN) 174667
245 ## - TITLE STATEMENT
Title The Peter Principle
Remainder of title Why Things Always Go Wrong
260 ## - PUBLICATION, DISTRIBUTION, ETC. (IMPRINT)
Date of publication, distribution, etc. 2009
Name of publisher, distributor, etc. Harper
300 ## - PHYSICAL DESCRIPTION
Extent 161
365 ## - TRADE PRICE
Currency code Rs.
Price amount 299.00
700 ## - ADDED ENTRY--PERSONAL NAME
Personal name Peter L.J. & Hull R.
9 (RLIN) 195506
906 ## - LOCAL DATA ELEMENT F, LDF (RLIN)
d O:0368324-Jan-2014B:441325-Oct-2013
c GENRL
b 65.78
Holdings
Withdrawn status Lost status Damaged status Not for loan Home library Current library Date acquired Vendor Budget Code Cost, normal purchase price Bill number Total Checkouts Full call number Barcode Date last seen Discount Cost, replacement price Bill Date Koha item type Original Barcode
        Cummins College of Engineering for Women Pune Cummins College of Engineering for Women Pune 24/01/2014 Technical Book Services GENRL 233.22 4413   658.002 CCEP-BK-46189 18/07/2023 65.78 299.00 25/10/2013 Books 046189